[Event "Milan Crespi op-B 34th"]
[Site "Milan"]
[Date "2013.12.08"]
[Round "7"]
[White "Lapitan, Eusebio"]
[Black "Primerano, Carlo"]
[Result "0-1"]
[WhiteElo "1668"]
[BlackElo "1723"]
[PlyCount "120"]
[EventDate "2013.12.04"]
[EventType "swiss"]
[EventRounds "7"]
[EventCountry "ITA"]
[SourceTitle "EXT 2015"]
[Source "ChessBase"]
[SourceDate "2014.11.20"]
[SourceVersion "1"]
[SourceVersionDate "2014.11.20"]
[SourceQuality "1"]

1. e4 c5 2. f4 Nf6 3. Nc3 d6 4. Nf3 g6 5. Be2 Bg7 6. 0-0 0-0 7. Nh4 Nc6 8. f5 Nd4 9. Bd3 e5 10. g3 a6 11. a4 Qc7 12. b3 Bd7 13. Nd5 Qd8 14. c3 Nc6 15. Bb2 g5 16. Ng2 Ne7 17. c4 Nexd5 18. cxd5 b5 19. a5 Qc7 20. Qe2 Rfc8 21. Rfc1 Qb7 22. Ba3 Rc7 23. Ne3 Rac8 24. Kf2 Ra8 25. g4 Qa7 26. Kg3 Kf8 27. Bc2 Ke7 28. d3 Rh8 29. b4 h5 30. bxc5 dxc5 31. Bb2 h4+ 32. Kh3 Ne8 33. Bb3 Nd6 34. Ba3 f6 35. Nf1 Rhc8 36. Qe3 b4 37. Bb2 Ke8 38. Nd2 Bb5 39. Nc4 Nxc4 40. dxc4 Bd7 41. Rd1 Bf8 42. Bxe5 fxe5 43. Qxg5 Be7 44. Qg6+ Kf8 45. d6 Be8 46. dxe7+ Rxe7 47. Qf6+ Bf7 48. g5 Qb7 49. Rd5 Kg8 50. Rad1 Bxd5 51. Rxd5 Rf8 52. Qg6+ Rg7 53. Qe6+ Qf7 54. Qh6 Rh7 55. Qd6 Qh5 56. Qe6+ Kh8 57. Qxe5+ Rg7 58. Bd1 Qxg5 59. Rd7 Qg2+ 60. Kxh4 Qg5+ 0-1